UFC Title Fights - Statistics

General Stats
  • This quiz has been taken 344 times
    105 since last reset
  • The average score is 34 of 39
Answer Stats
Fighter % Correct
Ilia Topuria
98%
Alexander Volkanovski
96%
Islam Makhachev
96%
Max Holloway
96%
Joshua Van
95%
Petr Yan
95%
Sean Strickland
95%
Alexandre Pantoja
94%
Alex Pereira
93%
Khamzat Chimaev
93%
Merab Dvalishvili
93%
Sean O'Malley
93%
Jon Jones
92%
Tom Aspinall
92%
Dricus Du Plessis
91%
Carlos Ulberg
89%
Charles Oliveira
89%
Ciryl Gane
89%
Diego Lopes
89%
Jack Della Maddalena
89%
Israel Adesanya
88%
Tatsuro Taira
87%
Jiri Prochazka
86%
Stipe Miocic
86%
Umar Nurmagomedov
86%
Kamaru Usman
85%
Leon Edwards
84%
Belal Muhammad
82%
Dustin Poirier
82%
Magomed Ankalaev
82%
Renato Moicano
81%
Khalil Rountree
78%
Cory Sandhagen
76%
Francis Ngannou
76%
Colby Covington
69%
Yair Rodriguez
68%
Kai Kara-France
67%
Steve Erceg
67%
Kai Asakura
64%
No matching quizzes found
Score Distribution
Percent of People with Each Score
Percentile by Number Answered
Your Score History
You have not taken this quiz since the last reset